The new jewelry : trends + traditions.
| Main Author: | |
|---|---|
| Other Authors: | |
| Format: | Book |
| Published: |
London:
Thames and Hudson,
1994.
|
| Subjects: |
| LEADER | 00493cam a2200181 7i4500 | ||
|---|---|---|---|
| 001 | 0000004758 | ||
| 005 | 19991025090000.0 | ||
| 002 | ##000006291 | ||
| 020 | 0 | 0 | |a 0-500-27774-5 |
| 090 | 0 | 0 | |a DE 739.27 |b DOR |
| 100 | 1 | 0 | |a Dormer |
| 245 | 1 | 0 | |a The new jewelry : |b trends + traditions. |
| 260 | 0 | 0 | |a London: |b Thames and Hudson, |c 1994. |
| 300 | 0 | 0 | |a 216 p.. |
| 650 | 0 | 0 | |a Jewelry |
| 650 | 0 | 0 | |a Designs -- |x jewelry |
| 700 | 1 | 1 | |a Turner, |h Ralph |
| 999 | |a 0000007319 |b Book |c Open shelf |e Business Information Centre | ||


